000 00583nam a22001817a 4500
003 UA-OsUOA
001 6728
007 ta
008 20040518b un ||||| |||| 00| 0 ukr d
100 _aКохан В.
942 _cSA
040 _aUA-OsUOA
_cUA-OsUOA
_dUA-OsUOA
245 _aТут готують автомобілістів
_b[Про Рівнен. держ. обл. навч. - курс. комбінат]
300 _aС.5
955 _a0
773 0 _w0
_tВісті Рівненщини
_dРівне
_d2004
_g№44/45/14 трав./
650 7 _aАвтомобілісти
_2UDC
999 _c292889
_d292889